[Event "Mittelfrankenliga-B2b 0506"]
[Site "Germany"]
[Date "2006.01.29"]
[Round "5.3"]
[White "Muenster, Manfred"]
[Black "Mitterhuemer, Guenter"]
[Result "0-1"]
[WhiteElo "1923"]
[BlackElo "2093"]
[PlyCount "64"]
[EventDate "2005.10.16"]
[EventType "team"]
[EventRounds "9"]
[EventCountry "GER"]
[SourceTitle "EXT 2007"]
[Source "ChessBase"]
[SourceDate "2006.11.23"]
[SourceVersion "1"]
[SourceVersionDate "2006.11.23"]
[SourceQuality "1"]

1. Nc3 d5 2. e4 d4 3. Nce2 e5 4. Nf3 Bd6 5. Ng3 Be6 6. Be2 f6 7. 0-0 Qd7 8. a3 Ne7 9. c4 c5 10. d3 Ng6 11. Nh5 0-0 12. Bd2 Nc6 13. Rb1 a5 14. b3 Nf4 15. Nxf4 exf4 16. Ne1 Kh8 17. Nc2 g5 18. f3 h5 19. b4 axb4 20. axb4 b6 21. bxc5 bxc5 22. Ra1 Ne5 23. Na3 Ng6 24. Nb5 Be5 25. Qc2 g4 26. Ra4 Rxa4 27. Qxa4 Nh4 28. fxg4 Bxg4 29. Bd1 Nxg2 30. Rf2 Ne3 31. Bb3 Rg8 32. Kh1 Qg7 0-1

[Event "Plzen op-A 10th"]
[Site "Plzen"]
[Date "2004.??.??"]
[Round "3"]
[White "Michalek, Jan"]
[Black "Mitterhuemer, Guenter"]
[Result "1-0"]
[WhiteElo "2375"]
[BlackElo "2075"]
[PlyCount "107"]
[EventDate "2004.08.??"]
[EventType "swiss"]
[EventRounds "9"]
[EventCountry "CZE"]
[SourceTitle "EXT 2007"]
[Source "ChessBase"]
[SourceDate "2006.11.23"]
[SourceVersion "1"]
[SourceVersionDate "2006.11.23"]
[SourceQuality "1"]

1. e4 d5 2. exd5 Nf6 3. Bb5+ Bd7 4. Be2 Nxd5 5. d4 Bf5 6. Nf3 e6 7. 0-0 h6 8. a3 Be7 9. c4 Nf6 10. Nc3 0-0 11. h3 c5 12. Be3 Na6 13. Ra2 Ne4 14. Nxe4 Bxe4 15. b3 Qc7 16. Qc1 Rfd8 17. Rd1 Bf6 18. Qc3 Bxf3 19. Bxf3 e5 20. dxe5 Rxd1+ 21. Bxd1 Bxe5 22. Qc1 Rd8 23. Bf3 Nb8 24. Rd2 b6 25. Rxd8+ Qxd8 26. b4 Qd6 27. Qd2 Qxd2 28. Bxd2 Bb2 29. a4 cxb4 30. Bxb4 Bd4 31. Bd6 Nd7 32. Kf1 a5 33. Ke2 Nc5 34. Bc6 Kh7 35. Bc7 Ne6 36. Bg3 Nc5 37. Bb8 Kg6 38. f4 Kf6 39. Kf3 Ke6 40. g4 g6 41. Bb5 f5 42. Bc7 Nd7 43. Bc6 Bf6 44. g5 hxg5 45. fxg5 Bd4 46. h4 Ne5+ 47. Bxe5 Kxe5 48. Be8 Bc3 49. Kg3 Be1+ 50. Kh3 f4 51. Bxg6 Kd4 52. Bf7 f3 53. g6 Bxh4 54. g7 1-0

[Event "Plzen op-A 10th"]
[Site "Plzen"]
[Date "2004.??.??"]
[Round "8"]
[White "Svoboda, Jiri"]
[Black "Mitterhuemer, Guenter"]
[Result "1-0"]
[WhiteElo "1765"]
[BlackElo "2075"]
[PlyCount "47"]
[EventDate "2004.08.??"]
[EventType "swiss"]
[EventRounds "9"]
[EventCountry "CZE"]
[SourceTitle "EXT 2007"]
[Source "ChessBase"]
[SourceDate "2006.11.23"]
[SourceVersion "1"]
[SourceVersionDate "2006.11.23"]
[SourceQuality "1"]

1. c4 e5 2. Nc3 Nc6 3. g3 g6 4. Bg2 Bg7 5. e3 f5 6. Nge2 d6 7. d4 Qe7 8. 0-0 Nf6 9. d5 Nd8 10. b4 0-0 11. Qb3 Kh8 12. a4 g5 13. c5 f4 14. exf4 gxf4 15. gxf4 Ng4 16. f3 Nxh2 17. Kxh2 Qh4+ 18. Kg1 Rf5 19. fxe5 Bxe5 20. f4 Bf6 21. Bb2 Rh5 22. Ne4 Bg7 23. Bxg7+ Kxg7 24. Qg3+ 1-0

[Event "AUT-chT2M 0102"]
[Site "Austria"]
[Date "2002.01.12"]
[Round "6.4"]
[White "Urankar, Hans Peter"]
[Black "Mitterhuemer, Guenter"]
[Result "0-1"]
[WhiteElo "2242"]
[BlackElo "2074"]
[PlyCount "112"]
[EventDate "2001.11.02"]
[EventType "team"]
[EventRounds "11"]
[EventCountry "AUT"]
[SourceTitle "EXT 2003"]
[Source "ChessBase"]
[SourceDate "2002.11.25"]
[SourceVersion "1"]
[SourceVersionDate "2002.11.25"]
[SourceQuality "1"]

1. g3 d5 2. Nf3 Nc6 3. Bg2 e5 4. d3 Bg4 5. 0-0 Qd7 6. c4 dxc4 7. dxc4 0-0-0 8. Qa4 Kb8 9. Be3 Nd4 10. Qa5 f6 11. Nc3 b6 12. Qa6 Qc8 13. Qa4 Bd7 14. Qd1 Nxf3+ 15. Bxf3 Bc6 16. Nd5 Ne7 17. Qb3 Nxd5 18. cxd5 Bb7 19. Rfd1 f5 20. Bg5 Rd6 21. Be3 e4 22. Bg2 Qd8 23. Bf4 Rxd5 24. Rxd5 Qxd5 25. Rd1 Qxb3 26. Rd8+ Bc8 27. axb3 Kb7 28. b4 g6 29. Be5 Rg8 30. f3 Bc5+ 31. bxc5 Rxd8 32. fxe4 fxe4 33. Bxe4+ c6 34. Bc3 Be6 35. Kf2 Bd5 36. Bc2 Re8 37. g4 bxc5 38. g5 Kb6 39. h4 Be4 40. Bb3 Kb5 41. Bd1 Bf5 42. e3 c4 43. h5 gxh5 44. Bxh5 Bg6 45. Bg4 Rd8 46. Be2 Bd3 47. Bf3 Re8 48. Bg7 a5 49. Bh5 Bg6 50. Bg4 a4 51. Bf6 Ra8 52. Bf3 a3 53. bxa3 Rxa3 54. e4 c3 55. Be2+ Kb4 56. Bd3 c2 0-1

[Event "AUT-chT2M 0102"]
[Site "Austria"]
[Date "2001.11.03"]
[Round "2.4"]
[White "Schwabeneder, Alois"]
[Black "Mitterhuemer, Guenter"]
[Result "1/2-1/2"]
[WhiteElo "2138"]
[BlackElo "2074"]
[PlyCount "62"]
[EventDate "2001.11.02"]
[EventType "team"]
[EventRounds "11"]
[EventCountry "AUT"]
[SourceTitle "EXT 2003"]
[Source "ChessBase"]
[SourceDate "2002.11.25"]
[SourceVersion "1"]
[SourceVersionDate "2002.11.25"]
[SourceQuality "1"]
[WhiteTeam "Grieskirchen"]
[BlackTeam "Hartkirchen"]
[WhiteTeamCountry "AUT"]
[BlackTeamCountry "AUT"]

1. e4 d5 2. exd5 Nf6 3. d4 Nxd5 4. c4 Nb6 5. Bf4 Bf5 6. Nc3 e6 7. Nf3 Be7 8. Qb3 Qc8 9. a4 a5 10. Be2 0-0 11. 0-0 Na6 12. Nb5 Nd7 13. d5 Bf6 14. Nfd4 Ndc5 15. Qd1 exd5 16. cxd5 Bd7 17. Qc2 b6 18. Bf3 Nb4 19. Qc4 Bxd4 20. Nxd4 Nbd3 21. Bc1 Ne5 22. Qc2 Nxf3+ 23. Nxf3 Bf5 24. Qd1 Rd8 25. Be3 Be4 26. Bxc5 Rxd5 27. Nd2 bxc5 28. Re1 Bf5 29. Qe2 Qd7 30. Nc4 Bd3 31. Ne5 Bxe2 1/2-1/2